SARUFI MAUMBO YA KISWAHILI SANIFU(SAMKISA) SECONDARI NA VYUO (Record no. 6717)

MARC details
000 -LEADER
fixed length control field 00405nam a2200133Ia 4500
050 ## - LIBRARY OF CONGRESS CALL NUMBER
Classification number PL 8704
Item number K54 2003
020 ## - INTERNATIONAL STANDARD BOOK NUMBER
International Standard Book Number 9976 911 432
040 ## - CATALOGING SOURCE
Transcribing agency Chuka University Library
008 - FIXED-LENGTH DATA ELEMENTS--GENERAL INFORMATION
fixed length control field 230105s9999||||xx |||||||||||||| ||und||
100 ## - MAIN ENTRY--PERSONAL NAME
Personal name KIHORE,Y.M.
9 (RLIN) 807
245 #0 - TITLE STATEMENT
Title SARUFI MAUMBO YA KISWAHILI SANIFU(SAMKISA) SECONDARI NA VYUO
260 ## - PUBLICATION, DISTRIBUTION, ETC.
Place of publication, distribution, etc. CHUO KIKUU CHA DAR ES SALAAM
Name of publisher, distributor, etc. DAR ES SALAAM
Date of publication, distribution, etc. 2003
942 ## - ADDED ENTRY ELEMENTS (KOHA)
Koha item type Long Loan Books
Holdings
Withdrawn status Lost status Damaged status Not for loan Collection Home library Current library Shelving location Date acquired Total Checkouts Full call number Barcode Date last seen Price effective from Koha item type
        General Collection Books Main Campus Library Main Campus Library General Stacks 05/01/2023   PL 8704.K54 2003 3241/2008 05/01/2023 05/01/2023 Long Loan Books

Powered by Koha